| 000 | 00871nam a2200289Ia 4500 | ||
|---|---|---|---|
| 001 | Para_6852 | ||
| 003 | CHAP | ||
| 008 | 220125s1984 xx 000 0 und d | ||
| 010 | _a205630 | ||
| 040 | _cCHAP | ||
| 090 | _aPA FOLLETO 791 | ||
| 100 |
_aVillarreal González, Manuel J. _9119613 |
||
| 245 |
_aPuebla, una nueva variedad de papa / _c por Manuel J. Villarreal González [y otros] |
||
| 260 |
_aMéxico : _b INIA. CIAMEC |
||
| 300 | _a10 p. | ||
| 440 |
_aFolleto técnico; 5 _9171690 |
||
| 650 |
_aPapa _x rendimiento _985284 |
||
| 650 |
_aPapa _x variedades _985300 |
||
| 710 |
_aInstituto Nacional de Investigaciones Agrícolas (México) CIAMEC _9169561 |
||
| 901 | _aPA FOLLETO 791 | ||
| 902 | _aA | ||
| 905 | _a0000001984 0000000000 00 | ||
| 910 | _a1984 | ||
| 942 | _cPARA | ||
| 942 |
_cPARA _d1 |
||
| 999 |
_c205630 _d205630 |
||